00388nam a2200133Ia 4500008004100000082001400041100001900055245002200074260001800096600002000114942000700134952009600141999001700237241002s9999 xx 000 0 und d a304.5 VAN aVance, Packard 4aThe Naked Society aLondon:c1970 aSocial Sciences cUC 00104070aUITUbUITUd1994-01-01l0o304.5 VANpUC32r2024-10-02 09:31:06w2024-10-02yUC c18359d18359